000 00656nam a2200265Ia 4500
005 20260121114440.0
008 008 260114s9999 xx 000 0 eng d
020 _a9789351196631
037 _aEBOOK
040 _aCRL
040 _beng
040 _cCRL
041 _2eng
041 _aeng
084 _qCRL
100 _aThampi
_9975241
245 0 _aMobile Communication and Computing (Includes Lab Exercises)
260 _bWiley
260 _c2015
650 _aElectrical & Electronics
_9975242
856 _uhttps://ebooks.wileyindia.com/product-details/283070
942 _cEBOOK
999 _c1554235
_d1554235